000 00616nam a2200241 a 4500
999 _c5120
_d5120
001 5120
003 BD-JhCC
005 20171228190702.0
008 171209s1980 u a|||| |||| 000 0 eng d
020 _a0278482600
035 _a(BD-JhCC) 5120
040 _aBD-JhCC
_dBD-JhCC
041 _aeng
082 _a425
_bAME 1980
245 _aAmerican Book English /
_cAmerican Book Company
260 _aAmerica :
_bAmerican book company,
_c1980.
300 _a422 p. :
_bill. ;
_c23 cm.
650 _aGrammar
650 _aEnglish Language
710 _aAmerican Book Company
942 _2ddc
_cBK